000 01025nam a22002897a 4500
001 BD-DhSAU
003 BD-DhSAU
005 20260429170428.0
008 260429b2005 bg ||||| m||| 00| 0 eng d
040 _aBD-DhSAU
082 _222
_a664.94
_bM396
100 _aRahman, Md. MAsud
_eRegistration No. #
245 _aHybrid solar-sun drying and canning sustainable solutions for marine fish preservations and community development /
_bphd thesis
260 _a University, Malaysia Sarawak
_bFaculty of Resouce science and Technology,
_c2025.
300 _axx, 198p. ;
_c30 cm.
500 _aPhd thesis of Faculty of Resouce science and Technology, , University, Malaysia, Sarawak
504 _aIncludes bibliographical reference.
590 _aNazmul
650 _aHybrid solar-sun drying
651 _acanning sustainable solutions
654 _amarine fish preservations
655 _2community development
700 _4Supervisor
710 _4Co-Supervisor
942 _2ddc
_cPHD
999 _c18344
_d18343